[Event "Catalunya-ch U20"]
[Site "Vila Seca"]
[Date "2011.04.24"]
[Round "8"]
[White "Vazquez Kaufmann, David"]
[Black "Ventura Bolet, Maxim"]
[Result "1/2-1/2"]
[WhiteElo "1689"]
[BlackElo "1987"]
[PlyCount "151"]
[EventDate "2011.04.20"]
[EventType "swiss"]
[EventRounds "8"]
[EventCountry "ESP"]
[SourceTitle "EXT 2012"]
[Source "ChessBase"]
[SourceDate "2011.11.24"]
[SourceVersion "1"]
[SourceVersionDate "2011.11.24"]
[SourceQuality "1"]

1. e4 c5 2. Nf3 e6 3. d4 cxd4 4. Nxd4 a6 5. Nc3 Qc7 6. Be2 Nc6 7. 0-0 Nf6 8. Be3 b5 9. Nxc6 dxc6 10. e5 Qxe5 11. Bf3 Qc7 12. Bd4 Bb7 13. Qe2 Bd6 14. h3 Rd8 15. Rad1 b4 16. Bxf6 gxf6 17. Ne4 Be7 18. Qc4 c5 19. Rxd8+ Kxd8 20. Rd1+ Kc8 21. c3 f5 22. Nd2 bxc3 23. bxc3 Rg8 24. Rb1 Bxf3 25. Nxf3 Qc6 26. g3 Bf6 27. Nd4 Bxd4 28. cxd4 f4 29. dxc5 fxg3 30. f3 Rg5 31. Rb6 Qxc5+ 32. Qxc5+ Rxc5 33. Rxa6 Kb7 34. Ra4 Rg5 35. Kg2 f5 36. f4 Rg8 37. Ra3 Kc6 38. Rxg3 Ra8 39. a3 Ra4 40. Rc3+ Kd5 41. Kf3 e5 42. fxe5 Kxe5 43. Rb3 Kf6 44. Kg3 Kg5 45. Kf3 h5 46. Kg3 f4+ 47. Kf3 Kh4 48. Kg2 Rc4 49. Rf3 Rd4 50. Rf2 Rd3 51. Rf3 Rd4 52. Rf2 Kg5 53. Rc2 Rd3 54. Ra2 Kh4 55. a4 Rg3+ 56. Kh1 Rxh3+ 57. Kg1 Rc3 58. a5 Kg3 59. Ra1 Rc7 60. a6 Ra7 61. Ra5 h4 62. Rg5+ Kf3 63. Ra5 Kg4 64. Kg2 h3+ 65. Kh2 Kf3 66. Ra3+ Kg4 67. Ra5 Kf3 68. Ra3+ Kg4 69. Ra5 Kh4 70. Ra4 Kg4 71. Ra5 Rc7 72. a7 Rc2+ 73. Kh1 Rc1+ 74. Kh2 Rc2+ 75. Kh1 Kg3 76. Ra3+ 1/2-1/2

[Event "Catalunya-ch U20"]
[Site "Vila Seca"]
[Date "2011.04.22"]
[Round "5"]
[White "Panella Navarro, Sergi"]
[Black "Vazquez Kaufmann, David"]
[Result "1-0"]
[WhiteElo "2088"]
[BlackElo "1689"]
[PlyCount "77"]
[EventDate "2011.04.20"]
[EventType "swiss"]
[EventRounds "8"]
[EventCountry "ESP"]
[SourceTitle "EXT 2012"]
[Source "ChessBase"]
[SourceDate "2011.11.24"]
[SourceVersion "1"]
[SourceVersionDate "2011.11.24"]
[SourceQuality "1"]

1. e4 e6 2. d4 d5 3. Nd2 a6 4. Ngf3 c5 5. exd5 exd5 6. Be2 Nf6 7. 0-0 Be7 8. dxc5 Bxc5 9. Nb3 Be7 10. Nfd4 0-0 11. Bg5 Nc6 12. Re1 h6 13. Bh4 Re8 14. Bf3 Nxd4 15. Qxd4 Be6 16. Rad1 Rc8 17. Qd3 Qc7 18. c3 Ne4 19. Bxe7 Rxe7 20. Bxe4 dxe4 21. Rxe4 Rd7 22. Qe2 Rxd1+ 23. Qxd1 b5 24. h3 a5 25. Nd4 Bxa2 26. Nxb5 Qc6 27. Re5 Rb8 28. Nd4 Qc7 29. Qe2 g6 30. Re8+ Kg7 31. Rxb8 Qxb8 32. b4 Bd5 33. bxa5 Ba8 34. a6 Qb1+ 35. Kh2 Qb8+ 36. g3 h5 37. Qe7 Qb6 38. a7 h4 39. Qe5+ 1-0

[Event "Catalunya-ch U20"]
[Site "Vila Seca"]
[Date "2011.04.21"]
[Round "2"]
[White "Vazquez Kaufmann, David"]
[Black "Corrales Adamuz, Cristian"]
[Result "1-0"]
[WhiteElo "1689"]
[BlackElo "1883"]
[PlyCount "53"]
[EventDate "2011.04.20"]
[EventType "swiss"]
[EventRounds "8"]
[EventCountry "ESP"]
[SourceTitle "EXT 2012"]
[Source "ChessBase"]
[SourceDate "2011.11.24"]
[SourceVersion "1"]
[SourceVersionDate "2011.11.24"]
[SourceQuality "1"]

1. e4 e5 2. Nf3 Nc6 3. Bc4 Be7 4. d4 exd4 5. Nxd4 Nf6 6. Nf5 Bf8 7. Nc3 d6 8. 0-0 Be6 9. Bd5 Qd7 10. Nd4 Bxd5 11. exd5 Ne7 12. Re1 h6 13. a4 0-0-0 14. Ndb5 a6 15. Qd4 b6 16. a5 axb5 17. axb6 cxb6 18. Qxb6 Qb7 19. Qxb7+ Kxb7 20. Nxb5 Nexd5 21. Ra7+ Kb6 22. c4 Rd7 23. Ra8 Nc7 24. Rb8+ Ka6 25. Nxc7+ Ka7 26. Rb3 d5 27. Be3+ 1-0

[Event "Catalunya-ch U20"]
[Site "Vila Seca"]
[Date "2010.04.04"]
[Round "7"]
[White "Nieto Farreny, Francesc"]
[Black "Vazquez Kaufmann, David"]
[Result "1-0"]
[WhiteElo "1973"]
[BlackElo "1619"]
[PlyCount "101"]
[EventDate "2010.03.31"]
[EventType "swiss"]
[EventRounds "9"]
[EventCountry "ESP"]
[SourceTitle "CBM 135 Extra"]
[Source "ChessBase"]
[SourceDate "2010.05.04"]
[SourceVersion "1"]
[SourceVersionDate "2010.05.04"]
[SourceQuality "1"]

1. d4 e6 2. Nf3 Nf6 3. c4 c5 4. d5 d6 5. Nc3 Be7 6. e4 0-0 7. Be2 a6 8. a4 Re8 9. 0-0 Nbd7 10. Nd2 e5 11. f4 exf4 12. Nf3 Nf8 13. Bxf4 Ng6 14. Bd2 Bf8 15. Qc2 Ng4 16. Rab1 Be7 17. h3 N4e5 18. Nxe5 Nxe5 19. Kh1 Bd7 20. b4 b6 21. bxc5 bxc5 22. Rb7 Rb8 23. Rfb1 Rxb7 24. Rxb7 Qc8 25. Rb1 Bxh3 26. Bf4 Bg4 27. Bxe5 dxe5 28. Bxg4 Qxg4 29. Qe2 Qh4+ 30. Kg1 Bg5 31. Qf2 Qh6 32. Qf3 Be3+ 33. Kf1 Bd2 34. Ke2 Bc1 35. Rb7 Rf8 36. Rc7 Qd2+ 37. Kf1 Bb2 38. Nd1 Bd4 39. g4 Qa5 40. d6 Qxa4 41. d7 Rd8 42. Ne3 Bxe3 43. Qxe3 Qxc4+ 44. Kf2 Kf8 45. Rc8 Qa2+ 46. Kg3 Qa5 47. Rxd8+ Ke7 48. Rc8 Kxd7 49. Rxc5 Qa1 50. Rd5+ Ke7 51. Qg5+ 1-0

[Event "Catalunya-ch U20"]
[Site "Vila Seca"]
[Date "2010.04.03"]
[Round "6"]
[White "Vazquez Kaufmann, David"]
[Black "Muratet Carmona, Alexandra"]
[Result "1-0"]
[WhiteElo "1619"]
[BlackElo "1682"]
[PlyCount "123"]
[EventDate "2010.03.31"]
[EventType "swiss"]
[EventRounds "9"]
[EventCountry "ESP"]
[SourceTitle "CBM 135 Extra"]
[Source "ChessBase"]
[SourceDate "2010.05.04"]
[SourceVersion "1"]
[SourceVersionDate "2010.05.04"]
[SourceQuality "1"]

1. e4 c5 2. Nf3 g6 3. d4 cxd4 4. Nxd4 Bg7 5. Nc3 Nc6 6. Be3 Nf6 7. f3 0-0 8. Qd2 d5 9. 0-0-0 dxe4 10. Qf2 Qc7 11. Ncb5 Qa5 12. Nb3 Qxa2 13. Nc3 Ng4 14. Nxa2 Nxf2 15. Bxf2 exf3 16. gxf3 Ne5 17. Nd4 Rd8 18. Be2 Bd7 19. Nb4 e6 20. Kb1 a5 21. Nd3 Nc6 22. Nc5 Nxd4 23. Bxd4 Bxd4 24. Rxd4 Bc6 25. Rhd1 Rxd4 26. Rxd4 Rc8 27. Nd7 Kg7 28. Ne5 Bd5 29. c4 f6 30. Nxg6 hxg6 31. cxd5 exd5 32. Rxd5 Re8 33. Bd1 b6 34. Rd7+ Kh6 35. Rd6 b5 36. Rxf6 Kg5 37. Rb6 Re5 38. f4+ Kxf4 39. Rxg6 Re1 40. Kc1 Rh1 41. Rh6 Kg5 42. Rh5+ Kf4 43. Rxb5 Ke4 44. Rxa5 Rxh2 45. Ra3 Kd5 46. Ra4 Rh1 47. Kd2 Rh2+ 48. Be2 Kd6 49. Ra5 Kc6 50. Rg5 Rh8 51. Kc3 Rc8 52. Bc4 Kb6 53. Rg6+ Ka7 54. b4 Kb7 55. b5 Ka7 56. Kb4 Rd8 57. Kc5 Rc8+ 58. Rc6 Kb8 59. Rxc8+ Kxc8 60. Kc6 Kb8 61. Kb6 Ka8 62. Kc7 1-0

[Event "Catalunya-ch U20"]
[Site "Vila Seca"]
[Date "2010.04.02"]
[Round "4"]
[White "Alquezar Calpena, Marc"]
[Black "Vazquez Kaufmann, David"]
[Result "1-0"]
[WhiteElo "1794"]
[BlackElo "1619"]
[PlyCount "39"]
[EventDate "2010.03.31"]
[EventType "swiss"]
[EventRounds "9"]
[EventCountry "ESP"]
[SourceTitle "CBM 135 Extra"]
[Source "ChessBase"]
[SourceDate "2010.05.04"]
[SourceVersion "1"]
[SourceVersionDate "2010.05.04"]
[SourceQuality "1"]

1. e4 e6 2. d4 d5 3. Nd2 Nf6 4. e5 Nfd7 5. Bd3 c5 6. c3 Nc6 7. Ne2 a6 8. Nf3 b5 9. a3 Be7 10. 0-0 0-0 11. Re1 Re8 12. Nf4 g6 13. Nh3 Bf8 14. Bg5 Ne7 15. Qd2 Bg7 16. Qf4 Qc7 17. Bh6 Rf8 18. Qh4 Qd8 19. Nhg5 f6 20. Nxe6 1-0